Ethnic minorities, drug use and harm in the highlands of Northern Vietnam: A contextual analysis of the situation in six communes from Son La, Lai Chau, and Lao Cai

Uloženo v:
Podrobná bibliografie
Korporativní autor: United Nations. Office on drugs and crime
Médium: Kniha
Jazyk:Undetermined
Vydáno: Hà Nội Nxb.Thế giới 2003
Témata:
Tagy: Přidat tag
Žádné tagy, Buďte první, kdo otaguje tento záznam!
Thư viện lưu trữ: Trung tâm Học liệu Trường Đại học Cần Thơ
LEADER 00699nam a2200205Ia 4500
001 CTU_92197
008 210402s9999 xx 000 0 und d
082 |a 305.8 
082 |b E84 
110 |a United Nations. Office on drugs and crime 
245 0 |a Ethnic minorities, drug use and harm in the highlands of Northern Vietnam: 
245 2 |b A contextual analysis of the situation in six communes from Son La, Lai Chau, and Lao Cai 
245 0 |c Office on drugs and crime 
260 |a Hà Nội 
260 |b Nxb.Thế giới 
260 |c 2003 
650 |a minorities 
650 |x social conditions 
904 |i H. Nguyên 
980 |a Trung tâm Học liệu Trường Đại học Cần Thơ